THE EXPLOSIVES ACT,1884 (4- 1884) (Record no. 6511)

MARC details
000 -LEADER
fixed length control field 00373nam a22001577a 4500
005 - DATE AND TIME OF LATEST TRANSACTION
control field 20260331130610.0
008 - FIXED-LENGTH DATA ELEMENTS--GENERAL INFORMATION
fixed length control field 200527b xxu||||| |||| 00| 0 eng d
041 ## - LANGUAGE CODE
Language code of text/sound track or separate title eng
082 ## - DEWEY DECIMAL CLASSIFICATION NUMBER
Classification number 340 BAR-E
100 ## - MAIN ENTRY--AUTHOR NAME
Personal name BARE ACT
245 ## - TITLE STATEMENT
Title THE EXPLOSIVES ACT,1884 (4- 1884)
260 ## - PUBLICATION, DISTRIBUTION, ETC. (IMPRINT)
Place of publication DELHI
Name of publisher PROFESSIONALS BOOK PUBLISHERS
300 ## - PHYSICAL DESCRIPTION
Number of Pages 273;p
650 ## - SUBJECT ADDED ENTRY--TOPICAL TERM
Topical Term MINING
942 ## - ADDED ENTRY ELEMENTS (KOHA)
Koha item type Books
Holdings
Lost status Damaged status Home library Current library Date acquired Source of acquisition Cost, normal purchase price Full call number Accession Number Koha item type Collection code
    JRU Library   08/06/2020 PURCHESS 240.00 340 23172 Books  
    JRU Library JRU Library 31/03/2026 PURCHASE 495.00 340 29417 Books MINING
    JRU Library JRU Library 31/03/2026 PURCHASE 495.00 340 29418 Books MINING